00658cam a22002291i 4500001001300000003000400013005001700017008004100034010001700075035001900092040001700111042001200128050001600140082001200156100002100168245008200189260002700271300002100298651005400319650004000373999001500413af 49001172 DLC20260227110918.0761014s1945 fr 000 0 fre  aaf 49001172  a(OCoLC)2502309 aDLCcKUdDLC apremarc00aDK267b.P52 a947.0841 aPierre, André.10aStaline contre Hitler :bcomment Staline fit de l'U. R. S. S. un état fort. aParis :bStock,c1945. a142 p. ;c19 cm. 0aSoviet UnionxPolitics and governmenty1936-1953. 0aWorld War, 1939-1945zSoviet Union. c6868d6868